000
00279nam a22001217a 4500
008
181030b xxu||||| |||| 00| 0 eng d
041
_a
eng
080
_2
3 ED
_a
316
100
_a
50
101
_a
SOC
245
_a
An Autors Guide Social Journals
_c
Henry.N.M
942
_2
udc
_c
BK
999
_c
51187
_d
51187